Österreich - Allgemeinwissen #1 - Statistiken

Allgemein
  • Dieses Quiz wurde 90 mal gespielt
  • Das Durchschnittsergebnis liegt bei 12 aus 20
Antwortstatistiken
Frage Antwort % Korrekt
Welches Tier ist auf dem Bundeswappen zu sehen? Adler
97%
Welche Landeshauptstadt befindet sich am Ostende des Wörthersees? Klagenfurt
84%
Welcher österreichische Energydrink zählt als der meistgekaufte weltweit? Red Bull
83%
In welchem Freizeitpark in Wien befindet sich ein Riesenrad? Prater
81%
Mit welcher Währung wurde in Österreich vor dem Euro bezahlt? Schilling
81%
Welcher Musiker der Neuen Deutschen Welle landete mit dem Lied "Rock Me Amadeus" einen weltweiten Erfolg? Falco
80%
In welcher Stadt befindet sich das Goldene Dachl? Innsbruck
71%
In welchem Jahr trat Österreich der EU bei? 1995
70%
In welchem Bundesland liegt diese Region? Niederösterreich
70%
Welcher Fluss fließt durch die Stadt Salzburg? Salzach
66%
Welcher im Burgenland und Ungarn gelegene Steppensee erreicht eine maximale Tiefe von nur 2 Metern? Neusiedler See
60%
Welches Lebensmittel, das typischerweise in der Steiermark hergestellt wird, bezeichnet man auch als "schwarzes Gold"? Kürbiskernöl
57%
Wie hieß die österreichische Erzherzogin, die 16 Kinder hatte und die Schulpflicht einführte? Maria Theresia
57%
An welchem Datum ist der österreichische Nationalfeiertag? 26. Oktober
53%
Welche kleine Marktgemeinde am nach ihr benannten See wurde in China nachgebaut? Hallstatt
53%
Wie heißt der Maler des Werkes "Der Kuss", welches im Schloss Belvedere ausgestellt ist? Gustav Klimt
49%
Wie heißt eine bekannte Weinregion entlang der Donau mit zahlreichen Burgen und Schlössern? Wachau
49%
Wie heißt die Region in welcher diese liegt? Salzkammergut
39%
Welcher bekannte Berg mit fast 3.000 Metern liegt in dieser Region an der Grenze von Steiermark und Oberösterreich? Hoher Dachstein
36%
Welches süße Germteiggebäck wird traditionell an Allerheiligen gegessen und verschenkt? Striezel
10%
Keine übereinstimmenden Quizze gefunden
Verteilung der Resultate
Anzahl Personen mit jedem Resultat
Perzentil nach korrekt beantworteten Fragen
Ihre Resultats-Entwicklung
Sie haben dieses Quiz noch nicht gespielt